000 04143njm a2200649Ia 4500
001 B5305
003 IT-RoPAU
005 20220918181114.0
008 131025s9999 xx 000 0 und d
040 _aIT-RoPAU
040 _cIT-RoPAU
041 _aITALIANO
999 _c99269
_d99269
999 _bn.d.
100 _aAA.VV.
_9794
100 _eAutore musica
_929032
100 _gCodice autore musica SPICS: 12000
_9796
245 _aPavarotti & Friends
250 _a1a ed.
260 _aLONDON
260 _bDECCA RECORD COMPANY
_c1992 [1a Ed.:1992 - Ed. Lingua Orig.: 1992]
300 _aCOMPACT DISC
300 _c62 minuti (Testo: 0 pag.)
500 _aConcerto di beneficenza registrato a Modena il 27 settembre 1992
505 _aPanis angelicus [(Pavarotti Luciano) (4:00)] - Miserere [(Pavarotti Luciano) (5:00)] - Muoio per te [(Fornaciari Zucchero) (4:00)] - Caruso [(Pavarotti Luciano) (6:00)] - One More Day [(Fornaciari Zucchero) (5:00)] - Ave Maria [(Neville Aaron) (5:00)] - In Liverpool [(Vega Suzanne) (5:00)] - Sentinel [(Oldfield Mike) (4:00)] - L'urlo [(Fornaciari Zucchero) (4:00)] - Too Much Love Will Kill You [(May Brian) (5:00)] - It's Probably me [(Sting) (6:00)] - Room 19 [(Sha la la la Lee) (Geldof Bob) (5:00)] - Les hommes qui passent [(Kaas Patricia) (4:00)] - La donna è mobile [(Pavarotti Luciano) (3:00)]
511 _aOrchestra da camera Arcangelo Corelli diretta da Sisilli Aldo.
511 _aPavarotti e Sting
511 _aPavarotti e Zucchero
511 _aZucchero e Sting
511 _aLuciano Pavarotti e Lucio Dalla
511 _aNeville Brothers
511 _aPavarotti Luciano, Sting, Zucchero, Lucio Dalla e Brian May
650 _aARRANGIAMENTO [COMPACT DISC]
_eCodice MATERIA SPICS: 9949
_929033
700 _aPavarotti Luciano
_gCodice interprete SPICS: 8113
_eInterprete
_929034
700 _aFranck Cesar
_gCodice autore musica SPICS: 11500
_eAutore musica
_pPanis angelicus
_929035
700 _aFornaciari Zucchero
_gCodice autore musica SPICS: 10901
_eAutore musica
_pMiserere - Muoio per te - L'urlo
_929036
700 _aBono Alessandro
_gCodice autore SPICS: 18199
_eAutore
_pMiserere
_929037
700 _aSting
_gCodice autore musica SPICS: 13152
_eAutore musica
_pMuoio per te - It's Probably me
_929038
700 _aDalla Lucio
_gCodice autore testo/musica SPICS: 10843
_eAutore testo/musica
_pCaruso
_929039
700 _aNeville Brother (The)
_gCodice autore musica SPICS: 33156
_eAutore musica
_pOne More Day
_929040
700 _aWolinski K.
_gCodice autore SPICS: 25080
_eAutore
_pOne More Day
_929041
700 _aSchubert Franz
_gCodice autore musica SPICS: 10690
_eAutore musica
_pAve Maria
_929042
700 _aNeville Aaron
_gCodice autore SPICS: 38384
_eAutore
_pAve Maria
_929043
700 _aVega Suzanne
_gCodice autore testo/musica SPICS: 21783
_eAutore testo/musica
_pIn Liverpool
_929044
700 _aOldfield Mike
_gCodice autore testo/musica SPICS: 8107
_eAutore testo/musica
_pSentinel
_929045
700 _aMoss
_gCodice autore SPICS: 38385
_eAutore
_pL'urlo
_929046
700 _aBrown
_gCodice autore testo/musica SPICS: 20445
_eAutore testo/musica
_pL'urlo
_929047
700 _aMay Brian
_gCodice autore musica SPICS: 28585
_eAutore musica
_pToo Much Love Will Kill You
_929048
700 _aLamers
_gCodice autore SPICS: 38386
_eAutore
_pToo Much Love Will Kill You
_929049
700 _aMusker
_gCodice autore testo/musica SPICS: 38387
_eAutore testo/musica
_pToo Much Love Will Kill You
_929050
700 _aClapton Eric
_gCodice autore SPICS: 10830
_eAutore
_pIt's Probably me
_929051
700 _aKamen
_gCodice autore testo/musica SPICS: 5157
_eAutore musica
_pIt's Probably me
_929052
700 _aGeldof Bob
_gCodice autore testo/musica SPICS: 38389
_eAutore testo/musica
_pRoom 19 (Sha la la la Lee)
_929053
700 _aKaas Patricia
_gCodice autore testo/musica SPICS: 38390
_eAutore testo/musica
_pLes hommes qui passent
_929054
700 _aVerdi Giuseppe
_gCodice autore musica SPICS: 89
_eAutore musica
_pLa donna è mobile
_929055
700 _aPiave Francesco Maria
_gCodice autore testo SPICS: 12281
_eAutore testo
_pLa donna è mobile
_929056
942 _cCD
_2ddc